Fragmente des sog. "Sothisrituals" von Oxyrhynchos aus Tebtynis /

محفوظ في:

المؤلف الرئيسي: Töpfer, Susanne (مؤلف)

التنسيق: كتاب

اللغة: German

منشور في: Copenhagen : University of Copenhagen, Dept. of Cross-Cultural and regional studies, Egyptology Section : Museum Tusculanum Press, 2015.

سلاسل: Carsten Niebuhr Institute of Near Eastern Studies ; 40.
CNIP ; 40.

الموضوعات:

الوسوم: إضافة وسم

لا توجد وسوم, كن أول من يضع وسما على هذه التسجيلة!

رقم الطلب: DS41 .C62 v.40

LEADER 01049namaa2200253 4500
003 OSt
005 20260305082848.0
008 130303s2015 dk af b 001 0 ger d
020 |a 9788763543644 
040 |c ARCE Library 
050 4 |a DS41 .C62 v.40 
100 1 |a Töpfer, Susanne,  |e author  |9 41194 
245 1 0 |a Fragmente des sog. "Sothisrituals" von Oxyrhynchos aus Tebtynis /  |c Susanne Töpfer. 
264 1 |a Copenhagen :  |b University of Copenhagen, Dept. of Cross-Cultural and regional studies, Egyptology Section :  |b Museum Tusculanum Press,   |c 2015. 
300 |a ix, 196 pages, 12 pages of plates :   |b illustrations (some color) ;   |c 30 cm. 
490 1 |a Carsten Niebuhr Institute of Near Eastern Studies ;   |v 40. 
490 1 |a CNIP ;   |v 40. 
504 |a Includes bibliographical references (pages 168-184) and indexes. 
650 0 |a Egyptian language  |z Egypt  |z Tebtunis (Extinct city)  |v Texts. 
830 0 |a Carsten Niebuhr Institute of Near Eastern Studies ;   |v 40. 
830 0 |a CNIP ;   |v 40. 
901 |a reviewed 
942 |c BK  |2 lcc 
999 |c 8792  |d 8792